Rem koolhaas : (Record no. 352463)
[ view plain ]
| 000 -LEADER | |
|---|---|
| fixed length control field | 01525 a2200277 4500 |
| 003 - CONTROL NUMBER IDENTIFIER | |
| control field | OSt |
| 005 - DATE AND TIME OF LATEST TRANSACTION | |
| control field | 20260129102041.0 |
| 008 - FIXED-LENGTH DATA ELEMENTS--GENERAL INFORMATION | |
| fixed length control field | 120419t xxu||||| |||| 00| 0 eng d |
| 020 ## - INTERNATIONAL STANDARD BOOK NUMBER | |
| International Standard Book Number | 3823855824 (hardcover) |
| 020 ## - INTERNATIONAL STANDARD BOOK NUMBER | |
| International Standard Book Number | 9783823855828 (hardcover) |
| 040 ## - CATALOGING SOURCE | |
| Transcribing agency | 0 |
| 082 04 - DEWEY DECIMAL CLASSIFICATION NUMBER | |
| Classification number | 720.92 |
| 100 1# - MAIN ENTRY--PERSONAL NAME | |
| Personal name | Cuito, Aurora. |
| 9 (RLIN) | 32648 |
| 245 10 - TITLE STATEMENT | |
| Title | Rem koolhaas : |
| Remainder of title | oma / |
| Statement of responsibility, etc. | Aurora Cuito. |
| 260 ## - PUBLICATION, DISTRIBUTION, ETC. | |
| Place of publication, distribution, etc. | New york: |
| Name of publisher, distributor, etc. | Te Neues Publishing Company, |
| Date of publication, distribution, etc. | 2002. |
| 300 ## - PHYSICAL DESCRIPTION | |
| Extent | 80 p. : |
| Other physical details | ill;. |
| Dimensions | 23 cm. |
| 490 1# - SERIES STATEMENT | |
| Series statement | Archipockets. |
| 520 ## - SUMMARY, ETC. | |
| Summary, etc. | Rem Koolhaas (Rotterdam,1944) studied architecture at the AA in London--where he went on to become a lecturer--and at the IAUS in New York, during Peter Eisenman's time there. Koolhaas has always been connected with the theory of architecture, as lecturer at the innovative AA, as a speaker, and with his published work: Delirious New York, a retrospective manifesto for Manhattan (1978) and the recent S, M, L, XL (1995). In 1972 Koolhaas set up the OMA (Office for Metropolitan Architecture), whose name clearly expresses the planning intentions of the team, comprising Koolhaas, Elia and Zoe Zenghelis, and Madelon Vriessendorp. |
| 600 ## - SUBJECT ADDED ENTRY--PERSONAL NAME | |
| Personal name | Koolhaas, Rem |
| 9 (RLIN) | 31892 |
| 650 0# - SUBJECT ADDED ENTRY--TOPICAL TERM | |
| Topical term or geographic name entry element | Architecture |
| Geographic subdivision | Netherlands |
| 9 (RLIN) | 32649 |
| 650 0# - SUBJECT ADDED ENTRY--TOPICAL TERM | |
| Topical term or geographic name entry element | Architecture, Modern |
| 9 (RLIN) | 32028 |
| 830 #0 - SERIES ADDED ENTRY--UNIFORM TITLE | |
| Uniform title | Archipockets. |
| 9 (RLIN) | 32650 |
| 856 40 - ELECTRONIC LOCATION AND ACCESS | |
| Materials specified | Amazon.com |
| Uniform Resource Identifier | <a href="http://www.amazon.com/exec/obidos/ASIN/3823855824/chopaconline-20">http://www.amazon.com/exec/obidos/ASIN/3823855824/chopaconline-20</a> |
| 942 ## - ADDED ENTRY ELEMENTS (KOHA) | |
| Institution code [OBSOLETE] | SADA |
| Koha item type | Book |
| Call number prefix | 720.92 CUI 2002 |
| Source of classification or shelving scheme | |
| Withdrawn status | Lost status | Source of classification or shelving scheme | Damaged status | Not for loan | Permanent Location | Current Location | Date acquired | Total Checkouts | Full call number | Barcode | Date last seen | Date last checked out | Cost, replacement price | Price effective from | Koha item type |
|---|---|---|---|---|---|---|---|---|---|---|---|---|---|---|---|
| School of Art Design and Architecture (SADA) | School of Art Design and Architecture (SADA) | 09/29/2010 | 2 | 720.92 CUI 2002 | SADA0000287 | 11/04/2011 | 11/01/2011 | 1178.00 | 08/05/2011 | Book |
